| 000 | 00558cam a2200217 4500 | ||
|---|---|---|---|
| 008 | 090401t1984 xxu||||| |||| 00| 0 eng d | ||
| 020 | _a0715383345 | ||
| 035 | _a(Sirsi) u70831 | ||
| 041 | _aeng | ||
| 050 | _a690.241 | ||
| 100 | _aJohnson, Alan | ||
| 245 | _aHow to restore & improve your Victorian house | ||
| 260 |
_aNewton Abbot _bDavid and Charles _c1984 |
||
| 300 | _a208p. : ill. ; 25cm. | ||
| 350 | _a12.5 | ||
| 650 | _aHISTORIC BUILDINGS | ||
| 650 | _aREHABILITATION | ||
| 650 | _aVICTORIAN HOUSES | ||
| 942 | _n0 | ||
| 948 | _c04/03/1997 | ||
| 999 |
_c95356 _d95356 |
||